NBA Finals MVP's 3 Minute Sprint - Statistics

General Stats
  • This quiz has been taken 65 times
  • The average score is 45 of 55
Answer Stats
Hint Answer % Correct
2012 LeBron James
100%
2013 LeBron James
100%
2016 LeBron James
100%
2020 LeBron James
100%
2009 Kobe Bryant
96%
2010 Kobe Bryant
96%
1991 Michael Jordan
96%
1992 Michael Jordan
96%
1993 Michael Jordan
96%
1996 Michael Jordan
96%
1997 Michael Jordan
96%
1998 Michael Jordan
96%
2000 Shaquille O'Neal
95%
2001 Shaquille O'Neal
95%
2002 Shaquille O'Neal
95%
1980 Magic Johnson
93%
1982 Magic Johnson
93%
1987 Magic Johnson
93%
2023 Nikola Jokic
93%
2022 Stephen Curry
93%
2017 Kevin Durant
91%
2018 Kevin Durant
91%
2021 Giannis Antetokounmpo
89%
1971 Kareem Abdul-Jabbar
89%
1985 Kareem Abdul-Jabbar
89%
1984 Larry Bird
88%
1986 Larry Bird
88%
2014 Kawhi Leonard
86%
2019 Kawhi Leonard
86%
1999 Tim Duncan
86%
2003 Tim Duncan
86%
2005 Tim Duncan
86%
1972 Wilt Chamberlain
86%
2006 Dwyane Wade
84%
1994 Hakeem Olajuwon
84%
1995 Hakeem Olajuwon
84%
1990 Isiah Thomas
84%
2015 Andre Iguodala
80%
1979 Dennis Johnson
80%
2011 Dirk Nowitzki
80%
1969 Jerry West
77%
2007 Tony Parker
77%
2008 Paul Pierce
75%
2004 Chauncey Billups
70%
1983 Moses Malone
70%
1977 Bill Walton
63%
1988 James Worthy
59%
1989 Joe Dumars
59%
1970 Willis Reed
50%
1973 Willis Reed
50%
1978 Wes Unseld
48%
1974 John Havlicek
45%
1981 Cedric Maxwell
41%
1976 Jo Jo White
39%
1975 Rick Barry
39%
No matching quizzes found
Score Distribution
Percent of People with Each Score
Percentile by Number Answered
Your Score History
You have not taken this quiz